000 00714nam a2200265Ia 4500
003 OSt
005 20220925204459.0
006 a|||||r|||| 00| 0
007 ta
008 220923b |||||||| |||| 00| 0 eng d
020 _a0700202854
037 _cGeneral Book
040 _aRTL
_cRTL
_beng
041 _2eng
_aeng
082 _aX:513, M4
100 _aJefkins Frank
_9130612
245 0 _aAdvertising today
250 _a3
260 _aGlasgow
_bInternational Textbook Company
_c1984
300 _avii,318p
_ccm.
500 _aBibliography: p 303-304; Appendix: p 301-302
650 _aAdvertising
942 _hX:513, M4
_cGB
_2CC
999 _c549545
_d549545